[Event "Kaltern Trophy-A 2nd"]
[Site "Kaltern"]
[Date "2017.10.27"]
[Round "1"]
[White "Bernard, Federico"]
[Black "Kwossek, Georg"]
[Result "0-1"]
[WhiteElo "1823"]
[BlackElo "2038"]
[PlyCount "68"]
[EventDate "2017.10.27"]
[EventType "swiss"]
[EventRounds "5"]
[EventCountry "ITA"]
[SourceTitle "CBM 181 Extra"]
[Source "ChessBase"]
[SourceDate "2017.12.12"]
[SourceVersion "1"]
[SourceVersionDate "2017.12.12"]
[SourceQuality "1"]

1. d4 Nf6 2. Bg5 e6 3. e4 h6 4. Bxf6 Qxf6 5. e5 Qd8 6. g3 d5 7. c3 c5 8. Bb5+ Nc6 9. Ne2 Qb6 10. Bxc6+ bxc6 11. Qc2 Rb8 12. b3 cxd4 13. cxd4 c5 14. dxc5 Bxc5 15. 0-0 0-0 16. Nbc3 Bd7 17. Na4 Bxa4 18. bxa4 Rfc8 19. Qd3 Qb2 20. Nf4 Bxf2+ 21. Kh1 Qxe5 22. Qf3 Bb6 23. Rae1 Qf5 24. g4 Qf6 25. Qg2 Qg5 26. Nh3 Qh4 27. g5 Rc3 28. gxh6 Qxh6 29. Ng5 Rf8 30. Rb1 Qg6 31. a5 Rc2 32. Qg3 Bc7 33. Rf4 Bxf4 34. Qxf4 Rc4 0-1

[Event "Udine Tre Circoli op"]
[Site "Udine"]
[Date "2012.02.25"]
[Round "5"]
[White "Bernard, Federico"]
[Black "Salone, Andrea"]
[Result "0-1"]
[WhiteElo "1482"]
[BlackElo "1572"]
[PlyCount "43"]
[EventDate "2012.01.21"]
[EventType "swiss"]
[EventRounds "7"]
[EventCountry "ITA"]
[SourceTitle "EXT 2014"]
[Source "ChessBase"]
[SourceDate "2013.11.20"]
[SourceVersion "1"]
[SourceVersionDate "2013.11.20"]
[SourceQuality "1"]

1. c4 Nf6 2. Nc3 g6 3. d4 Bg7 4. h3 d5 5. Bf4 c6 6. e3 0-0 7. Bd3 Nbd7 8. Nge2 Re8 9. cxd5 Nxd5 10. Nxd5 cxd5 11. Nc3 e5 12. dxe5 Nxe5 13. Bb5 Re7 14. Qxd5 Qa5 15. 0-0 Be6 16. Qe4 Bf5 17. Qa4 Qxa4 18. Nxa4 a6 19. Be2 Nd3 20. Bd6 Ree8 21. Ba3 b5 22. Nb6 0-1

[Event "Udine Tre Circoli op"]
[Site "Udine"]
[Date "2012.02.11"]
[Round "3"]
[White "Bernard, Federico"]
[Black "Ciani, Davide"]
[Result "1-0"]
[WhiteElo "1482"]
[BlackElo "1719"]
[PlyCount "70"]
[EventDate "2012.01.21"]
[EventType "swiss"]
[EventRounds "7"]
[EventCountry "ITA"]
[SourceTitle "EXT 2014"]
[Source "ChessBase"]
[SourceDate "2013.11.20"]
[SourceVersion "1"]
[SourceVersionDate "2013.11.20"]
[SourceQuality "1"]

1. e4 c5 2. Nc3 e6 3. Nf3 Nc6 4. a3 g6 5. Bc4 Bg7 6. 0-0 Nge7 7. Ne2 a6 8. d3 0-0 9. c3 b5 10. Ba2 Bb7 11. Be3 d6 12. Qc2 Qd7 13. Rad1 Qc7 14. Ng3 Rab8 15. b4 Ne5 16. Nxe5 Bxe5 17. f4 Bg7 18. Rf2 c4 19. dxc4 bxc4 20. f5 Be5 21. Bh6 Rfe8 22. fxe6 fxe6 23. Qe2 Rbc8 24. Qf3 Kh8 25. Rdf1 Ng8 26. Qe3 Nxh6 27. Qxh6 Bg7 28. Qh3 d5 29. exd5 Bxd5 30. Bb1 Bxc3 31. Ne2 Be5 32. Rf7 Bxh2+ 33. Kh1 Bxg2+ 34. Qxg2 Qd8 35. Bxg6 hxg6 1-0